000 00516nam a2200181Ia 4500
001 21522
005 20260306172925.0
008 260306t2012||||xx |||||||||||||| ||spa||
041 _aESP
082 _a692.8
_bS79
100 _aStevens, Matt
_eAUT
245 4 _aThe construction MBA, practical approaches to construction contracting:
_bpractical approaches to construction contracting
260 _c2012
300 _axv, 496 páginas :
_c23 cm.
650 _aGEN
654 _aCIC
942 _cLIB
_dJUS
_fJUS
_2ddc
_n
999 _c21522
_d21522